MARC details
| 000 -LEADER |
| fixed length control field |
01446nam a2200325 i 4500 |
| 003 - CONTROL NUMBER IDENTIFIER |
| control field |
CSPC |
| 005 - DATE AND TIME OF LATEST TRANSACTION |
| control field |
20250210141627.0 |
| 008 - FIXED-LENGTH DATA ELEMENTS--GENERAL INFORMATION |
| fixed length control field |
250210s2000 nyu 000 0 eng d |
| 020 ## - INTERNATIONAL STANDARD BOOK NUMBER |
| International Standard Book Number |
9780062353597 |
| 040 ## - CATALOGING SOURCE |
| Transcribing agency |
CSPC |
| Original cataloging agency |
CSPC |
| Language of cataloging |
eng |
| Description conventions |
rda |
| 050 04 - LIBRARY OF CONGRESS CALL NUMBER |
| Classification number |
PS3617.U57 |
| Item number |
D85 2000 |
| 100 1# - MAIN ENTRY--PERSONAL NAME |
| Personal name |
Quinn, Julia, |
| Relator term |
author. |
| 245 14 - TITLE STATEMENT |
| Title |
The duke and I / |
| Statement of responsibility, etc. |
Julia Quinn. |
| 264 #1 - PRODUCTION, PUBLICATION, DISTRIBUTION, MANUFACTURE, AND COPYRIGHT NOTICE |
| Place of production, publication, distribution, manufacture |
New York : |
| Name of producer, publisher, distributor, manufacturer |
Avon Books, |
| Date of production, publication, distribution, manufacture, or copyright notice |
2000 |
| 300 ## - PHYSICAL DESCRIPTION |
| Extent |
452 pages ; |
| Dimensions |
17 cm. |
| 336 ## - CONTENT TYPE |
| Content type term |
text |
| Source |
rdacontent |
| 337 ## - MEDIA TYPE |
| Media type term |
unmediated |
| Source |
rdamedia |
| 338 ## - CARRIER TYPE |
| Carrier type term |
volume |
| Source |
rdacarrier |
| 490 ## - SERIES STATEMENT |
| Series statement |
Avon historical romance, |
| -- |
The Bridgerton series ; |
| Volume/sequential designation |
1 |
| 520 ## - SUMMARY, ETC. |
| Summary, etc. |
By all accounts, Simon Basset is on the verge of proposing to his best friend's sister--the lovely and almost-on-the-shelf--Daphne Bridgerton. But the two of the know the truth--it's all an elaborate ruse to keep Simon free from marriage-minded society mothers. And as for Daphne, surely she will attract some worthy suitors now that it seems a duke has declared her desirable ... |
| 650 #4 - SUBJECT ADDED ENTRY--TOPICAL TERM |
| Topical term or geographic name entry element |
Mate selection |
| Form subdivision |
Fiction. |
| 650 #4 - SUBJECT ADDED ENTRY--TOPICAL TERM |
| Topical term or geographic name entry element |
Marriage |
| Form subdivision |
Fiction. |
| 650 #4 - SUBJECT ADDED ENTRY--TOPICAL TERM |
| Topical term or geographic name entry element |
Aristocracy (Social class) |
| Geographic subdivision |
England |
| General subdivision |
Fiction. |
| 650 #4 - SUBJECT ADDED ENTRY--TOPICAL TERM |
| Topical term or geographic name entry element |
Regency |
| Geographic subdivision |
England |
| General subdivision |
Fiction. |
| 651 ## - SUBJECT ADDED ENTRY--GEOGRAPHIC NAME |
| Geographic name |
England |
| Chronological subdivision |
19th century |
| General subdivision |
Fiction. |
| 655 ## - INDEX TERM--GENRE/FORM |
| Genre/form data or focus term |
Romance fiction. |
| 655 ## - INDEX TERM--GENRE/FORM |
| Genre/form data or focus term |
Historical fiction. |
| 942 ## - ADDED ENTRY ELEMENTS (KOHA) |
| Source of classification or shelving scheme |
Dewey Decimal Classification |
| Suppress in OPAC |
No |
| Koha item type |
Books |
| Classification part |
813.6 |
| Call number prefix |
FIC |
| Call number suffix |
2000 |